Statistics for The National Lyrics Quiz #6

Click here to take the quiz!

General Stats

  • This quiz has been taken 43 times
  • The average score is 4 of 12

Answer Stats

LyricSong% Correct
I’m a festival, I’m a paradeAll the Wine
79%
You swear you just saw a feathery woman, carry a blindfold at night through the treesMistaken for Strangers
71%
I put on an Argyle sweater and put on a smileBaby We’ll be Fine
68%
For a little while you’ll be hereLit Up
41%
You’re on the rocks in a two-piece suitAnna Freud
35%
Fall asleep with stranger’s wives, the wild wives of unknown menCardinal Song
29%
Don’t be bitter Anna I know how you thinkLittle Faith
29%
It moves you from the skeleton and pulls you aroundYou had your Soul with you
24%
And all of your time has expiredNot in Kansas
21%
Paint the blood and hang the palms on the doorDemons
18%
Send a body double, over with your keysPay for Me
18%
I'll put velvet ropes around you, if that's what you needFriend of Mine
9%

Score Distribution

Percentile by Number Answered

Percent of People with Each Score

Your Score History

You have not taken this quiz